| 000 | 00619cab a2200217 4500 | ||
|---|---|---|---|
| 001 | WB3214-02 | ||
| 008 | 090401t1996 xxu||||| |||| 00| 0 eng d | ||
| 035 | _a(Sirsi) u64574 | ||
| 041 | _aeng | ||
| 245 | _aNew guidance for reinforcement | ||
| 260 | _c1996 | ||
| 350 | _a0 | ||
| 490 |
_aContract Journal _v28 March 1996, 22(1) |
||
| 520 | _aCIRIA has launched new guidance on the proper site treatment of reinforcement for concrete construction. | ||
| 650 | _aGUIDANCE | ||
| 650 | _aREINFORCED CONCRETE | ||
| 650 | _aSTEEL REINFORCEMENT | ||
| 690 | _aBUILT ENVIRONMENT | ||
| 942 | _n0 | ||
| 948 | _c04/03/1997 | ||
| 999 |
_c40227 _d40227 |
||